000 00752nam a2200229 i 4500
001 000031685
003 DO-SdBNP
005 20240723101508.0
007 ta
008 110630n19-- dr ac 000 | spa d
040 _aDO-SdBNP
_bspa
_cBNPHU
_erda
049 _aBNPD
082 4 _bV693c
_222
100 1 _aViguera Ozuna, Vinicio,
_d1921-
_957966
_eautor
245 1 0 _aCuerpo de bomberos civiles de San Pedro de Macorís :
_bhistorial /
_cVinicio Viguera Ozuna.
264 _aSan Pedro de Macorís, República Dominicana :
_bEditora 23,
_c199-?.
300 _a[22] páginas :
_bilustraciones, retratos ;
_c21 cm.
336 _2rdacontent
_atexto
_btxt
337 _2rdamedia
_asin mediación
_bn
338 _2rdacarrier
_avolumen
_bnc
942 _2ddc
_cLBS1
999 _c31177
_d31177